Tratado de Derecho Constitucional. Tomo II /
Guardado en:
| Autor Principal: | |
|---|---|
| Formato: | Libro |
| Idioma: | Spanish |
| Publicado: |
Buenos Aires :
La Ley,
2006.
|
| Edición: | 2a. ed. act. y amp. |
| Materias: | |
| Etiquetas: |
Agregar Etiqueta
Sin Etiquetas, Sea el primero en etiquetar este registro!
|
| LEADER | 00489nam a22001575a 4500 | ||
|---|---|---|---|
| 001 | DER.der015456 | ||
| 008 | 251110s2006####ag############000#0#spa#d | ||
| 005 | 20251110160822.0 | ||
| 245 | 1 | 0 | |a Tratado de Derecho Constitucional. |n Tomo II / |c Gregorio Badeni. |
| 250 | |a 2a. ed. act. y amp. | ||
| 260 | |a Buenos Aires : |b La Ley, |c 2006. | ||
| 300 | |a 2146 p. | ||
| 020 | |a 987030947X | ||
| 100 | 1 | |a Badeni, Gregorio. | |
| 650 | 7 | |a Derecho constitucional | |
| 859 | |a DERECHO |b BIB. DERECHO |h 342.02 |i BAD |p 009985 |3 Tomo II | ||
